000 00717 a2200229 4500
003 OSt
005 20180116182907.0
008 160426b xxu||||| |||| 00| 0 eng d
020 _a8120323491 (paperback)
020 _a9788120323490 (paperback)
040 _c0
100 1 _aPhilip Kotler.
245 1 0 _aPrinciples of marketing - philip kotler - paperback - /
_cPhilip Kotler.
250 _atenth ed.
260 _c2004.
300 _a1 v. (unpaged) ;
_c28 cm.
490 1 _aInternational edition.
520 _aPublisher: Edition: tenth.
830 0 _aInternational edition.
856 4 0 _3Amazon.com
_uhttp://www.amazon.com/exec/obidos/ASIN/8120323491/chopaconline-20
942 _aNBS
_cBK
_k658.8 KOT
_2ddc
999 _c348007
_d348007